| Tag |
First Indicator |
Second Indicator |
Subfields |
| LEADER |
00000cam a2200000Ii 4500 |
| 001 |
in00003583113 |
| 006 |
m o d |
| 007 |
cr cnu|||unuuu |
| 008 |
150727s2016 nyu o 000 0 eng d |
| 005 |
20250816203812.4 |
| 020 |
|
|
|a 9781317612650
|q electronic bk.
|
| 020 |
|
|
|a 1317612655
|q electronic bk.
|
| 020 |
|
|
|z 9781138808553
|
| 035 |
|
|
|a (NhCcYBP)ebr11081972
|
| 040 |
|
|
|a NhCcYBP
|c NhCcYBP
|d UtOrBLW
|
| 050 |
|
4 |
|a P118.2
|b .M23 2016
|
| 072 |
|
7 |
|a FOR
|x 018000
|2 bisacsh
|
| 072 |
|
7 |
|a LAN
|x 001000
|2 bisacsh
|
| 072 |
|
7 |
|a LAN
|x 006000
|2 bisacsh
|
| 072 |
|
7 |
|a LAN
|x 009000
|2 bisacsh
|
| 072 |
|
7 |
|a LAN
|x 012000
|2 bisacsh
|
| 072 |
|
7 |
|a LAN
|x 019000
|2 bisacsh
|
| 082 |
0 |
4 |
|a 418.0072
|2 23
|
| 100 |
1 |
|
|a Mackey, Alison,
|e author.
|0 http://id.loc.gov/authorities/names/n99044645
|
| 245 |
1 |
0 |
|a Second language research :
|b methodology and design /
|c Alison Mackey and Susan M. Gass, Georgetown University and Michigan State University.
|
| 250 |
|
|
|a Second edition.
|
| 264 |
|
1 |
|a New York :
|b Routledge,
|c 2016.
|
| 300 |
|
|
|a 1 online resource.
|
| 336 |
|
|
|a text
|b txt
|2 rdacontent
|
| 337 |
|
|
|a computer
|b c
|2 rdamedia
|
| 338 |
|
|
|a online resource
|b cr
|2 rdacarrier
|
| 588 |
0 |
|
|a Print version record.
|
| 500 |
|
|
|a Previous edition: Second language research / Alison Mackey, 1st edition, 2005.
|
| 504 |
|
|
|a Includes bibliographical references and index.
|
| 500 |
|
|
|a Electronic resource.
|
| 650 |
|
0 |
|a Second language acquisition.
|0 http://id.loc.gov/authorities/subjects/sh86005959
|
| 650 |
|
0 |
|a Second language acquisition
|x Research
|x Methodology.
|
| 655 |
|
7 |
|a Electronic books.
|2 local
|
| 700 |
1 |
|
|a Gass, Susan M.,
|e author.
|0 http://id.loc.gov/authorities/names/n83065570
|
| 710 |
2 |
|
|a ebrary, Inc.
|0 http://id.loc.gov/authorities/names/no2007088509
|
| 856 |
4 |
1 |
|u https://ebookcentral.proquest.com/lib/tamucs/detail.action?docID=3570143
|y Connect to the full text of this electronic book
|t 0
|
| 945 |
|
|
|a machinegen
|
| 955 |
|
|
|a YBP purchased approval e-records
|
| 980 |
|
|
|b 187.50
|g 1
|
| 987 |
|
|
|a ybp12548309
|
| 999 |
f |
f |
|s d6c001b9-4f42-31da-b88e-c84982e700a4
|i c0b00594-8169-30a7-af51-d314413e369b
|t 0
|
| 952 |
f |
f |
|a Texas A&M University
|b College Station
|c Electronic Resources
|d Available Online
|t 0
|e P118.2 .M23 2016
|h Library of Congress classification
|
| 998 |
f |
f |
|a P118.2 .M23 2016
|t 0
|l Available Online
|